Zváranie plameňom

Bibliographic Details
Main Author: Mutňanský, Vladimír, 1929-2004 (Author)
Format: Book
Language:Slovak
PhysicalDescription:72 s. sch., tab. 29 cm
Published: Bratislava Alfa 1976
Edition:1. vyd.
Subjects:

MARC

LEADER 00000cam a2200000 a 4500
001 vtls009669932
003 SK-MaSNL
005 20260301211802.0
008 240314s1976 xo a f 000 0 slo
015 |a SNBA1976 
035 |a (SVKBBclas03)vtls000037923 
040 |a SNK  |b slo  |c SNK  |e AACR2 
041 0 |a slo 
044 |a xo  |c SK 
080 |a 621.791.5(024)  |2 1981 
100 1 |a Mutňanský, Vladimír,  |d 1929-2004  |4 aut  |9 256674 
245 1 0 |a Zváranie plameňom  |c Vladimír Mutňanský 
250 |a 1. vyd. 
260 |a Bratislava  |b Alfa  |c 1976 
300 |a 72 s.  |b sch., tab.  |c 29 cm 
366 |e 600 výt. 
504 |a Bibliogr. 
650 0 7 |a zváranie  |2 SNKPH  |9 1839 
655 7 |a príručky  |2 SNKPH  |9 74364 
710 2 |a Výskumný ústav zváračský (Bratislava, Slovensko)  |4 pbl  |9 32791 
958 |a OND 
958 |a NB 
958 |a SK 
958 |a UV 
999 |c 916713  |d 918643 
952 |a SNK  |b SNK  |y PREZ  |7 0  |p 17A0942011  |o snkSB 23952  |0 0  |1 0  |4 0  |d 2014-02-06  |f 1  |l 0  |r 2025-03-27 00:00:00  |w 2026-02-24